<?xml version="1.0" encoding="UTF-8"?>
<record
    xmlns:xsi="http://www.w3.org/2001/XMLSchema-instance"
    xsi:schemaLocation="http://www.loc.gov/MARC21/slim http://www.loc.gov/standards/marcxml/schema/MARC21slim.xsd"
    xmlns="http://www.loc.gov/MARC21/slim">

  <leader>00548nam a22001937a 4500</leader>
  <controlfield tag="003">OSt</controlfield>
  <controlfield tag="008">250808b        |||||||| |||| 00| 0 eng d</controlfield>
  <datafield tag="020" ind1=" " ind2=" ">
    <subfield code="a">9789382471066</subfield>
  </datafield>
  <datafield tag="082" ind1=" " ind2=" ">
    <subfield code="a">634.040954</subfield>
    <subfield code="b">D53F</subfield>
  </datafield>
  <datafield tag="100" ind1=" " ind2=" ">
    <subfield code="a">Dhillon, WS</subfield>
  </datafield>
  <datafield tag="245" ind1=" " ind2=" ">
    <subfield code="a">Fruit Production in India / </subfield>
    <subfield code="c">by WS Dhillon</subfield>
  </datafield>
  <datafield tag="260" ind1=" " ind2=" ">
    <subfield code="a">.- New Delhi</subfield>
    <subfield code="b">: Narendra Publishing House</subfield>
    <subfield code="c">, 2022</subfield>
  </datafield>
  <datafield tag="300" ind1=" " ind2=" ">
    <subfield code="a">xxiv,678p</subfield>
  </datafield>
  <datafield tag="650" ind1=" " ind2=" ">
    <subfield code="a">Technology (Applied Sciences)</subfield>
  </datafield>
  <datafield tag="650" ind1=" " ind2=" ">
    <subfield code="a">Agriculture and Related Technologies</subfield>
  </datafield>
  <datafield tag="650" ind1=" " ind2=" ">
    <subfield code="a">Fruit Production</subfield>
  </datafield>
  <datafield tag="650" ind1=" " ind2=" ">
    <subfield code="a">India</subfield>
  </datafield>
  <datafield tag="942" ind1=" " ind2=" ">
    <subfield code="2">ddc</subfield>
    <subfield code="c">BK</subfield>
    <subfield code="0">2</subfield>
  </datafield>
  <datafield tag="999" ind1=" " ind2=" ">
    <subfield code="c">48674</subfield>
    <subfield code="d">48674</subfield>
  </datafield>
  <datafield tag="952" ind1=" " ind2=" ">
    <subfield code="0">0</subfield>
    <subfield code="1">0</subfield>
    <subfield code="2">ddc</subfield>
    <subfield code="4">0</subfield>
    <subfield code="7">0</subfield>
    <subfield code="a">RAU</subfield>
    <subfield code="b">RAU</subfield>
    <subfield code="d">2025-08-08</subfield>
    <subfield code="e">IBPS,Delhi</subfield>
    <subfield code="g">9995.00</subfield>
    <subfield code="o">634.040954 D53F</subfield>
    <subfield code="p">84329</subfield>
    <subfield code="r">2025-08-08</subfield>
    <subfield code="w">2025-07-15</subfield>
    <subfield code="y">BK</subfield>
    <subfield code="k">IBPS/004/2024-25</subfield>
  </datafield>
  <datafield tag="952" ind1=" " ind2=" ">
    <subfield code="0">0</subfield>
    <subfield code="1">0</subfield>
    <subfield code="2">ddc</subfield>
    <subfield code="4">0</subfield>
    <subfield code="7">0</subfield>
    <subfield code="a">RAU</subfield>
    <subfield code="b">RAU</subfield>
    <subfield code="d">2025-08-08</subfield>
    <subfield code="e">IBPS,Delhi</subfield>
    <subfield code="g">9995.00</subfield>
    <subfield code="l">2</subfield>
    <subfield code="o">634.040954 D53F</subfield>
    <subfield code="p">84330</subfield>
    <subfield code="q">2026-05-19</subfield>
    <subfield code="r">2026-05-05</subfield>
    <subfield code="s">2026-05-05</subfield>
    <subfield code="w">2025-07-15</subfield>
    <subfield code="y">BK</subfield>
    <subfield code="k">IBPS/004/2024-25</subfield>
  </datafield>
  <datafield tag="952" ind1=" " ind2=" ">
    <subfield code="0">0</subfield>
    <subfield code="1">0</subfield>
    <subfield code="2">ddc</subfield>
    <subfield code="4">0</subfield>
    <subfield code="7">0</subfield>
    <subfield code="a">RAU</subfield>
    <subfield code="b">RAU</subfield>
    <subfield code="d">2025-08-08</subfield>
    <subfield code="e">IBPS,Delhi</subfield>
    <subfield code="g">9995.00</subfield>
    <subfield code="o">634.040954 D53F</subfield>
    <subfield code="p">84331</subfield>
    <subfield code="r">2025-08-08</subfield>
    <subfield code="w">2025-07-15</subfield>
    <subfield code="y">BK</subfield>
    <subfield code="k">IBPS/004/2024-25</subfield>
  </datafield>
  <datafield tag="952" ind1=" " ind2=" ">
    <subfield code="0">0</subfield>
    <subfield code="1">0</subfield>
    <subfield code="2">ddc</subfield>
    <subfield code="4">0</subfield>
    <subfield code="7">0</subfield>
    <subfield code="a">RAU</subfield>
    <subfield code="b">RAU</subfield>
    <subfield code="d">2025-08-08</subfield>
    <subfield code="e">IBPS,Delhi</subfield>
    <subfield code="g">9995.00</subfield>
    <subfield code="o">634.040954 D53F</subfield>
    <subfield code="p">84332</subfield>
    <subfield code="r">2025-08-08</subfield>
    <subfield code="w">2025-07-15</subfield>
    <subfield code="y">BK</subfield>
    <subfield code="k">IBPS/004/2024-25</subfield>
  </datafield>
  <datafield tag="952" ind1=" " ind2=" ">
    <subfield code="0">0</subfield>
    <subfield code="1">0</subfield>
    <subfield code="2">ddc</subfield>
    <subfield code="4">0</subfield>
    <subfield code="7">0</subfield>
    <subfield code="a">RAU</subfield>
    <subfield code="b">RAU</subfield>
    <subfield code="d">2025-08-13</subfield>
    <subfield code="e">IBPS, Delhi</subfield>
    <subfield code="g">9995.00</subfield>
    <subfield code="l">0</subfield>
    <subfield code="o">634.040954 D53F</subfield>
    <subfield code="p">84659</subfield>
    <subfield code="r">2025-08-13</subfield>
    <subfield code="w">2025-07-15</subfield>
    <subfield code="y">BK</subfield>
    <subfield code="k">IBPS/005/2024-25</subfield>
  </datafield>
  <datafield tag="952" ind1=" " ind2=" ">
    <subfield code="0">0</subfield>
    <subfield code="1">0</subfield>
    <subfield code="2">ddc</subfield>
    <subfield code="4">0</subfield>
    <subfield code="7">0</subfield>
    <subfield code="a">RAU</subfield>
    <subfield code="b">RAU</subfield>
    <subfield code="d">2025-08-13</subfield>
    <subfield code="e">IBPS, Delhi</subfield>
    <subfield code="g">9995.00</subfield>
    <subfield code="l">0</subfield>
    <subfield code="o">634.040954 D53F</subfield>
    <subfield code="p">84660</subfield>
    <subfield code="r">2025-08-13</subfield>
    <subfield code="w">2025-07-15</subfield>
    <subfield code="y">BK</subfield>
    <subfield code="k">IBPS/005/2024-25</subfield>
  </datafield>
  <datafield tag="952" ind1=" " ind2=" ">
    <subfield code="0">0</subfield>
    <subfield code="1">0</subfield>
    <subfield code="2">ddc</subfield>
    <subfield code="4">0</subfield>
    <subfield code="7">0</subfield>
    <subfield code="a">RAU</subfield>
    <subfield code="b">RAU</subfield>
    <subfield code="d">2025-08-13</subfield>
    <subfield code="e">IBPS, Delhi</subfield>
    <subfield code="g">9995.00</subfield>
    <subfield code="l">0</subfield>
    <subfield code="o">634.040954 D53F</subfield>
    <subfield code="p">84661</subfield>
    <subfield code="r">2025-08-13</subfield>
    <subfield code="w">2025-07-15</subfield>
    <subfield code="y">BK</subfield>
    <subfield code="k">IBPS/005/2024-25</subfield>
  </datafield>
  <datafield tag="952" ind1=" " ind2=" ">
    <subfield code="0">0</subfield>
    <subfield code="1">0</subfield>
    <subfield code="2">ddc</subfield>
    <subfield code="4">0</subfield>
    <subfield code="7">0</subfield>
    <subfield code="a">RAU</subfield>
    <subfield code="b">RAU</subfield>
    <subfield code="d">2025-08-13</subfield>
    <subfield code="e">IBPS, Delhi</subfield>
    <subfield code="g">9995.00</subfield>
    <subfield code="l">0</subfield>
    <subfield code="o">634.040954 D53F</subfield>
    <subfield code="p">84662</subfield>
    <subfield code="r">2025-08-13</subfield>
    <subfield code="w">2025-07-15</subfield>
    <subfield code="y">BK</subfield>
    <subfield code="k">IBPS/005/2024-25</subfield>
  </datafield>
  <datafield tag="952" ind1=" " ind2=" ">
    <subfield code="0">0</subfield>
    <subfield code="1">0</subfield>
    <subfield code="2">ddc</subfield>
    <subfield code="4">0</subfield>
    <subfield code="7">0</subfield>
    <subfield code="a">RAU</subfield>
    <subfield code="b">RAU</subfield>
    <subfield code="d">2025-08-13</subfield>
    <subfield code="e">IBPS, Delhi</subfield>
    <subfield code="g">9995.00</subfield>
    <subfield code="l">0</subfield>
    <subfield code="o">634.040954 D53F</subfield>
    <subfield code="p">84663</subfield>
    <subfield code="r">2025-08-13</subfield>
    <subfield code="w">2025-07-15</subfield>
    <subfield code="y">BK</subfield>
    <subfield code="k">IBPS/005/2024-25</subfield>
  </datafield>
  <datafield tag="952" ind1=" " ind2=" ">
    <subfield code="0">0</subfield>
    <subfield code="1">0</subfield>
    <subfield code="2">ddc</subfield>
    <subfield code="4">0</subfield>
    <subfield code="7">0</subfield>
    <subfield code="a">RAU</subfield>
    <subfield code="b">PDDUCH&amp;F</subfield>
    <subfield code="d">2025-11-14</subfield>
    <subfield code="e">Faith Pub., New Delhi</subfield>
    <subfield code="g">9995.00</subfield>
    <subfield code="o">634.040954 D53F</subfield>
    <subfield code="p">86516</subfield>
    <subfield code="r">2025-11-14</subfield>
    <subfield code="w">2025-10-20</subfield>
    <subfield code="y">BK</subfield>
    <subfield code="k">FE/02/2025-26</subfield>
  </datafield>
  <datafield tag="952" ind1=" " ind2=" ">
    <subfield code="0">0</subfield>
    <subfield code="1">0</subfield>
    <subfield code="2">ddc</subfield>
    <subfield code="4">0</subfield>
    <subfield code="7">0</subfield>
    <subfield code="a">RAU</subfield>
    <subfield code="b">PDDUCH&amp;F</subfield>
    <subfield code="d">2025-11-14</subfield>
    <subfield code="e">Faith Pub., New Delhi</subfield>
    <subfield code="g">9995.00</subfield>
    <subfield code="o">634.040954 D53F</subfield>
    <subfield code="p">86517</subfield>
    <subfield code="r">2025-11-14</subfield>
    <subfield code="w">2025-10-20</subfield>
    <subfield code="y">BK</subfield>
    <subfield code="k">FE/02/2025-26</subfield>
  </datafield>
</record>
